000 00452cam a2200157 a 4500
020 _a155851161X :
082 0 0 _a004.68
_bDAY
_cL-28,P-143
100 1 _aDay, Michael,
_936705
245 1 0 _aTroubleshooting LAN manager 2 /
_cMichael Day.
260 _aRedwood, City, CA :
_bM&T Books,
_cc1991.
300 _a337 p. :
_bill. ;
_c24 cm.
500 _aIncludes index.
526 _a0
_b0
_c0
_d004_680000000000000_DAY
650 _aMCE
_9379
942 _2ddc
_cBK
999 _c541699
_d541699